[Event "HUN-ch U8-U18 2019"]
[Site "Balatonlelle"]
[Date "2019.06.27"]
[Round "8.9"]
[White "Bakos, Balazs"]
[Black "Szilagyi, Norbert"]
[Result "0-1"]
[WhiteElo "2408"]
[BlackElo "2093"]
[Annotator "RC"]
[PlyCount "68"]
[EventDate "2019.06.21"]
[EventType "swiss"]
[EventCountry "HUN"]
[SourceTitle "playchess.com"]
[Source "ChessBase"]
[SourceQuality "1"]
[TimeControl "40/5400+30:1800+30"]

1. e4 {[%emt 0:04:02]} c5 {[%emt 0:00:13]} 2. Nf3 {[%emt 0:00:29]} Nc6 {[%emt 0:00:06]} 3. d4 {[%emt 0:00:03]} cxd4 {[%emt 0:00:05]} 4. Nxd4 {[%emt 0:00:03]} e5 {[%emt 0:00:05]} 5. Nb5 {[%emt 0:00:18]} d6 {[%emt 0:00:07]} 6. N1c3 {[%emt 0:00:42]} a6 {[%emt 0:00:13]} 7. Na3 {[%emt 0:00:19]} b5 {[%emt 0:00:04]} 8. Nd5 {[%emt 0:01:06]} Nce7 {[%emt 0:00:06]} 9. c4 {[%emt 0:17:26]} Nxd5 {[%emt 0:00:06]} 10. Qxd5 {[%emt 0:00:14]} Be6 {[%emt 0:00:10]} 11. Qd1 {[%emt 0:11:24]} Nf6 {[%emt 0:06:28]} 12. f3 {[%emt 0:13:16]} Be7 {[%emt 0:06:50]} 13. Be3 {[%emt 0:08:37]} O-O {[%emt 0:00:41]} 14. Be2 {[%emt 0:01:28]} Rc8 {[%emt 0:07:20]} 15. Rc1 {[%emt 0:03:58]} b4 {[%emt 0:11:32]} 16. Nc2 {[%emt 0:08:35]} Bxc4 {[%emt 0:16:05]} 17. Bxc4 {[%emt 0:09:01]} Rxc4 {[%emt 0:00:08]} 18. b3 {[%emt 0:00:05]} Rc3 {[%emt 0:04:25]} 19. Bd2 {[%emt 0:00:41]} Rc8 {[%emt 0:00:28]} 20. Bxb4 {[%emt 0:09:39]} Qb6 {[%emt 0:02:04]} 21. Qd2 {[%emt 0:02:13]} Nh5 {[%emt 0:10:51]} 22. g3 {[%emt 0:03:50]} h6 {[%emt 0:07:10]} 23. Qf2 {[%emt 0:01:24]} Qxb4+ {[%emt 0:15:08]} 24. Nxb4 {[%emt 0:00:05]} Rxc1+ {[%emt 0:00:06]} 25. Kd2 {[%emt 0:00:04]} Rxh1 {[%emt 0:00:08]} 26. Nd5 {[%emt 0:00:21]} Bg5+ {[%emt 0:00:16]} 27. f4 {[%emt 0:00:05]} exf4 {[%emt 0:00:20]} 28. gxf4 {[%emt 0:00:07]} Nxf4 {[%emt 0:00:25]} 29. Nxf4 {[%emt 0:00:15]} Rc8 {[%emt 0:02:42]} 30. Ke3 {[%emt 0:03:46]} Rc3+ {[%emt 0:00:17]} 31. Kd4 {[%emt 0:00:28]} Bf6+ {[%emt 0:00:40]} 32. e5 {[%emt 0:00:01]} Bxe5+ {[%emt 0:00:07]} 33. Ke4 {[%emt 0:00:46]} Rd1 {[%emt 0:04:08]} 34. Ne2 {[%emt 0:00:39]} Rc2 {[%emt 0:00:33] Kd4} 0-1

[Event "HUN-ch U8-U18 2019"]
[Site "Balatonlelle"]
[Date "2019.06.26"]
[Round "8.9"]
[White "Pater, Peter"]
[Black "Farkas, Otto Jr."]
[Result "0-1"]
[WhiteElo "1901"]
[BlackElo "1859"]
[Annotator "NA RC"]
[PlyCount "54"]
[EventDate "2019.06.21"]
[EventType "swiss"]
[EventCountry "HUN"]
[SourceTitle "playchess.com"]
[Source "ChessBase"]
[SourceQuality "1"]
[TimeControl "40/5400+30:1800+30"]

1. d4 {[%emt 0:00:04]} d5 {[%emt 0:00:05]} 2. c4 {[%emt 0:00:03]} dxc4 {[%emt 0:00:05]} 3. Nf3 {[%emt 0:00:03]} a6 {[%emt 0:00:21]} 4. a4 {[%emt 0:00:06]} Nf6 {[%emt 0:00:10]} 5. g3 {[%emt 0:00:33]} Nc6 {[%emt 0:00:37]} 6. Bg2 {[%emt 0:00:24]} e6 {[%emt 0:02:00]} 7. O-O {[%emt 0:00:05]} Be7 {[%emt 0:01:53]} 8. Nc3 {[%emt 0:06:27]} O-O {[%emt 0:00:43]} 9. e4 {[%emt 0:00:36]} Bb4 {[%emt 0:08:34]} 10. Bg5 {[%emt 0:13:46]} h6 {[%emt 0:04:18]} 11. Bh4 {[%emt 0:11:57]} g5 {[%emt 0:07:52]} 12. Nxg5 {[%emt 0:00:44]} hxg5 {[%emt 0:07:41]} 13. Bxg5 {[%emt 0:00:38]} Be7 {[%emt 0:00:14]} 14. e5 {[%emt 0:13:13]} Nh7 {[%emt 0:03:21]} 15. Bh6 {[%emt 0:01:44]} Qxd4 {[%emt 0:04:08]} 16. Bxf8 {[%emt 0:25:26]} Nxf8 {[%emt 0:07:35]} 17. Re1 {[%emt 0:07:50]} Qxd1 {[%emt 0:05:31]} 18. Raxd1 {[%emt 0:00:22]} Nd7 {[%emt 0:00:17]} 19. f4 {[%emt 0:04:50]} Bc5+ {[%emt 0:04:46]} 20. Kf1 {[%emt 0:02:26]} Bb4 {[%emt 0:01:19]} 21. Re4 {[%emt 0:00:39]} Bxc3 {[%emt 0:04:47]} 22. bxc3 {[%emt 0:00:05]} Nb6 {[%emt 0:03:23]} 23. Ke2 {[%emt 0:03:30]} Nxa4 {[%emt 0:01:39]} 24. Rxc4 {[%emt 0:03:14]} Nb2 {[%emt 0:02:30]} 25. Bxc6 {[%emt 0:00:22]} Nxc4 {[%emt 0:02:13]} 26. Rd8+ {[%emt 0:00:05]} Kg7 {[%emt 0:00:13]} 27. Bd7 {[%emt 0:01:04]} Nb6 {[%emt 0:00:28]} 0-1

[Event "HUN-ch U8-U18 2019"]
[Site "Balatonlelle"]
[Date "2019.06.27"]
[Round "8.10"]
[White "Magold, Victor"]
[Black "Fodor, Kornel"]
[Result "0-1"]
[WhiteElo "1968"]
[BlackElo "1926"]
[Annotator "NA RC"]
[PlyCount "120"]
[EventDate "2019.06.21"]
[EventType "swiss"]
[EventCountry "HUN"]
[SourceTitle "playchess.com"]
[Source "ChessBase"]
[SourceQuality "1"]
[TimeControl "40/5400+30:1800+30"]

1. d4 {[%emt 0:00:04]} Nf6 {[%emt 0:00:19]} 2. c4 {[%emt 0:00:04]} g6 {[%emt 0:00:45]} 3. Nf3 {[%emt 0:00:16]} Bg7 {[%emt 0:00:16]} 4. g3 {[%emt 0:00:22]} O-O {[%emt 0:00:08]} 5. Bg2 {[%emt 0:00:02]} d6 {[%emt 0:00:07]} 6. O-O {[%emt 0:00:03]} Nbd7 {[%emt 0:00:16]} 7. Nc3 {[%emt 0:00:04]} e5 {[%emt 0:00:08]} 8. h3 {[%emt 0:00:12]} c6 {[%emt 0:00:08]} 9. e4 {[%emt 0:00:17]} Qb6 {[%emt 0:00:16]} 10. d5 {[%emt 0:04:09]} Nc5 {[%emt 0:00:51]} 11. Re1 {[%emt 0:00:17]} cxd5 {[%emt 0:03:10]} 12. Nxd5 {[%emt 0:00:43]} Nxd5 {[%emt 0:00:34]} 13. cxd5 {[%emt 0:01:01]} f5 {[%emt 0:07:51]} 14. exf5 {[%emt 0:28:12]} Bxf5 {[%emt 0:03:11]} 15. Be3 {[%emt 0:16:19]} Qxb2 {[%emt 0:04:27]} 16. Bxc5 {[%emt 0:02:46]} dxc5 {[%emt 0:00:08]} 17. Re2 {[%emt 0:02:47]} Qb6 {[%emt 0:03:23]} 18. Nxe5 {[%emt 0:17:36]} Bxe5 {[%emt 0:04:43]} 19. Rxe5 {[%emt 0:00:10]} Qd6 {[%emt 0:00:15]} 20. Qe1 {[%emt 0:00:37]} c4 {[%emt 0:08:44]} 21. Qe3 {[%emt 0:02:04]} b5 {[%emt 0:06:07]} 22. Re1 {[%emt 0:02:00]} b4 {[%emt 0:02:18]} 23. Re7 {[%emt 0:02:16]} Rf7 {[%emt 0:00:49]} 24. Rxf7 {[%emt 0:01:37]} Kxf7 {[%emt 0:00:07]} 25. Qd4 {[%emt 0:02:44]} c3 {[%emt 0:20:50]} 26. Re6 {[%emt 0:06:02]} Qd8 {[%emt 0:00:47]} 27. Qxb4 {[%emt 0:01:15]} c2 {[%emt 0:04:41]} 28. Re1 {[%emt 0:02:11]} Rb8 {[%emt 0:01:40]} 29. Qd2 {[%emt 0:00:42]} Rb1 {[%emt 0:01:02]} 30. Kh2 {[%emt 0:06:25]} Qb6 {[%emt 0:18:30]} 31. d6 {[%emt 0:01:02]} Rxe1 {[%emt 0:00:51]} 32. Qxe1 {[%emt 0:00:22]} Qxd6 {[%emt 0:00:32]} 33. Qc3 {[%emt 0:00:25]} h5 {[%emt 0:06:51]} 34. h4 {[%emt 0:01:08]} Qf6 {[%emt 0:01:32]} 35. Bd5+ {[%emt 0:00:39]} Kg7 {[%emt 0:00:33]} 36. Qc7+ {[%emt 0:00:21]} Kh6 {[%emt 0:00:34]} 37. Bg8 {[%emt 0:00:37]} g5 {[%emt 0:00:29]} 38. hxg5+ {[%emt 0:00:15]} Qxg5 {[%emt 0:00:18]} 39. Qc6+ {[%emt 0:00:47]} Qg6 {[%emt 0:00:23]} 40. Qc4 {[%emt 0:00:00]} Qg5 {[%emt 0:00:00]} 41. f4 {[%emt 0:01:36]} Qd8 {[%emt 0:05:17]} 42. Bd5 {[%emt 0:01:59]} c1=Q {[%emt 0:09:20]} 43. Qxc1 {[%emt 0:00:13]} Qxd5 {[%emt 0:00:05]} 44. Qb2 {[%emt 0:01:30]} Kg6 {[%emt 0:02:05]} 45. Qe2 {[%emt 0:06:23]} Qc6 {[%emt 0:01:46]} 46. Qe7 {[%emt 0:02:32]} Qc2+ {[%emt 0:04:38]} 47. Kg1 {[%emt 0:00:18]} Qb1+ {[%emt 0:00:23]} 48. Kf2 {[%emt 0:01:27]} Qxa2+ {[%emt 0:00:22]} 49. Kg1 {[%emt 0:00:12]} Qb1+ {[%emt 0:00:39]} 50. Kf2 {[%emt 0:00:26]} Qa2+ {[%emt 0:02:25]} 51. Kg1 {[%emt 0:01:26]} Bg4 {[%emt 0:02:29]} 52. Qe4+ {[%emt 0:03:30]} Kh6 {[%emt 0:00:42]} 53. Qc6+ {[%emt 0:01:18]} Qe6 {[%emt 0:00:21]} 54. Qc1 {[%emt 0:00:22]} Bf5 {[%emt 0:01:40]} 55. Qc3 {[%emt 0:03:04]} Qb6+ {[%emt 0:00:42]} 56. Kg2 {[%emt 0:01:04]} Be4+ {[%emt 0:00:11]} 57. Kf1 {[%emt 0:01:00]} Qb1+ {[%emt 0:00:17]} 58. Ke2 {[%emt 0:01:25]} Qc2+ {[%emt 0:00:11]} 59. Qxc2 {[%emt 0:00:17]} Bxc2 {[%emt 0:00:04]} 60. Kd2 {[%emt 0:00:04]} Bf5 {[%emt 0:00:13]} 0-1

[Event "HUN-ch U8-U18 2019"]
[Site "Balatonlelle"]
[Date "2019.06.26"]
[Round "8.10"]
[White "Csidey, Csongor"]
[Black "Pasztor, Balazs"]
[Result "0-1"]
[WhiteElo "1708"]
[BlackElo "2215"]
[Annotator "RC"]
[PlyCount "104"]
[EventDate "2019.06.21"]
[EventType "swiss"]
[EventCountry "HUN"]
[SourceTitle "playchess.com"]
[Source "ChessBase"]
[SourceQuality "1"]
[TimeControl "40/5400+30:1800+30"]

1. e4 {[%emt 0:00:06]} e5 {[%emt 0:00:06]} 2. Nf3 {[%emt 0:00:03]} Nc6 {[%emt 0:00:07]} 3. Nc3 {[%emt 0:00:02]} Nf6 {[%emt 0:00:12]} 4. d4 {[%emt 0:00:07]} exd4 {[%emt 0:00:07]} 5. Nxd4 {[%emt 0:00:04]} Bb4 {[%emt 0:00:43]} 6. Nxc6 {[%emt 0:00:07]} bxc6 {[%emt 0:00:10]} 7. Bd3 {[%emt 0:00:07]} O-O {[%emt 0:02:07]} 8. O-O {[%emt 0:00:09]} d5 {[%emt 0:00:59]} 9. exd5 {[%emt 0:00:06]} cxd5 {[%emt 0:00:12]} 10. Bg5 {[%emt 0:00:35]} c6 {[%emt 0:00:55]} 11. Qf3 {[%emt 0:01:07]} Bd6 {[%emt 0:07:08]} 12. Rfe1 {[%emt 0:02:18]} Rb8 {[%emt 0:01:42]} 13. Rab1 {[%emt 0:02:05]} h6 {[%emt 0:00:45]} 14. Bxf6 {[%emt 0:01:13]} Qxf6 {[%emt 0:00:08]} 15. Qxf6 {[%emt 0:00:05]} gxf6 {[%emt 0:00:08]} 16. Ne2 {[%emt 0:07:31]} c5 {[%emt 0:11:08]} 17. c3 {[%emt 0:02:11]} Be6 {[%emt 0:03:39]} 18. b3 {[%emt 0:03:48]} Rfd8 {[%emt 0:04:18]} 19. Ng3 {[%emt 0:07:28]} Be5 {[%emt 0:07:42]} 20. Rec1 {[%emt 0:02:56]} c4 {[%emt 0:03:32]} 21. Bf1 {[%emt 0:11:40]} a5 {[%emt 0:06:10]} 22. bxc4 {[%emt 0:06:23]} dxc4 {[%emt 0:03:00]} 23. Rxb8 {[%emt 0:06:55]} Rxb8 {[%emt 0:00:20]} 24. Rc2 {[%emt 0:00:45]} Rb1 {[%emt 0:03:15]} 25. h3 {[%emt 0:01:58]} a4 {[%emt 0:03:33]} 26. Ne4 {[%emt 0:03:26]} a3 {[%emt 0:04:21]} 27. g4 {[%emt 0:05:56]} f5 {[%emt 0:11:06]} 28. Nc5 {[%emt 0:04:59]} fxg4 {[%emt 0:06:44]} 29. Nxe6 {[%emt 0:01:37]} gxh3 {[%emt 0:00:33]} 30. f4 {[%emt 0:00:11]} Bb8 {[%emt 0:02:25]} 31. Rf2 {[%emt 0:03:53]} fxe6 {[%emt 0:02:14]} 32. Kh2 {[%emt 0:00:21]} Rb2 {[%emt 0:01:34]} 33. Kg3 {[%emt 0:00:08]} h2 {[%emt 0:00:21]} 34. Bg2 {[%emt 0:01:03]} Rxf2 {[%emt 0:06:42]} 35. Kxf2 {[%emt 0:00:04]} Bxf4 {[%emt 0:00:14]} 36. Bf3 {[%emt 0:00:14]} Be5 {[%emt 0:00:43]} 37. Kg2 {[%emt 0:00:05]} Bxc3 {[%emt 0:00:13]} 38. Be2 {[%emt 0:00:07]} Kf7 {[%emt 0:01:03]} 39. Bxc4 {[%emt 0:00:11]} Be5 {[%emt 0:00:12]} 40. Be2 {[%emt 0:00:00]} Ke7 {[%emt 0:00:00]} 41. Bf3 {[%emt 0:02:00]} Kd6 {[%emt 0:03:40]} 42. Be4 {[%emt 0:00:54]} Kc5 {[%emt 0:00:33]} 43. Bf3 {[%emt 0:00:14]} Bf4 {[%emt 0:00:28]} 44. Kf2 {[%emt 0:02:37]} Kd4 {[%emt 0:00:33]} 45. Kg2 {[%emt 0:02:01]} e5 {[%emt 0:00:32]} 46. Kf2 {[%emt 0:00:40]} e4 47. Bg2 {[%emt 0:04:27]} h5 {[%emt 0:01:59]} 48. Ke2 {[%emt 0:00:40]} h4 {[%emt 0:00:15]} 49. Bh1 {[%emt 0:01:32]} h3 {[%emt 0:01:04]} 50. Ke1 {[%emt 0:00:43]} Kd3 {[%emt 0:00:44]} 51. Kf2 {[%emt 0:04:34]} e3+ {[%emt 0:00:14]} 52. Kf3 {[%emt 0:00:35]} e2 {[%emt 0:00:16]} 0-1

[Event "HUN-ch U8-U18 2019"]
[Site "Balatonlelle"]
[Date "2019.06.27"]
[Round "8.11"]
[White "Pribelszky, Bence"]
[Black "Erseki, Aron"]
[Result "1-0"]
[WhiteElo "2244"]
[BlackElo "1854"]
[Annotator "TA"]
[PlyCount "63"]
[EventDate "2019.06.21"]
[EventType "swiss"]
[EventCountry "HUN"]
[SourceTitle "playchess.com"]
[Source "ChessBase"]
[SourceQuality "1"]

{[%evp 9,63,13,23,-4,8,-2,32,26,15,9,33,-7,30,-48,-12,-7,13,-10,-15,-8,-6,-64,0,0,0,0,0,13,13,0,144,150,171,164,180,157,200,204,222,222,238,238,238,224,270,238,279,279,329,328,923,895,885,816,1577,1570]} 1. Nf3 d5 2. g3 c6 3. Bg2 e6 4. O-O Bd6 5. d3 Nf6 6. Nbd2 {A07: Réti Opening: New York and Capablanca Systems} O-O 7. e4 {e5 is the strong threat.} Nbd7 8. b3 {White is slightly better.} (8. Qe2 e5 9. Nh4 Re8 10. Nf5 Bf8 11. h3 g6 12. Ne3 Nb6 13. Rd1 Bg7 {½-½ (62) Laznicka,V (2674)-Plat,V (2483) Prague 2012}) 8... e5 9. Bb2 d4 10. Nh4 $146 ({Predecessor:} 10. c3 c5 11. Nc4 Bc7 12. cxd4 cxd4 {1-0 (36) Szenetra,W (2022)-Brandt,F (1653) Binz 2012}) 10... Nb6 11. c4 (11. c3 $11) 11... Bg4 12. Qc2 {Strongly threatening c5.} c5 13. h3 Be6 14. Nf5 Bc7 15. Qd1 ({White should play} 15. Nf3 $11) 15... Qd7 (15... g6 $15 16. Nh4 Qd7) 16. Ba3 $11 g6 17. g4 gxf5 18. exf5 {[#]} Bxf5 $1 19. gxf5 Bd6 (19... Kh8 $11 {keeps the balance.}) 20. Ne4 $36 {[%mdl 2048] Black is under strong pressure.} Nxe4 21. Bxe4 Kh8 22. Qf3 Rg8+ {[#]} 23. Kh1 $1 f6 24. Bxb7 Raf8 25. Be4 Rf7 26. Bc1 Bf8 27. Bd2 Rfg7 28. a4 {[%cal Ba2a4,Ba4a5][%mdl 32]} Bd6 29. Bh6 Re7 $2 (29... Rg2 30. Qh5 R2g5 31. Bxg5 Rxg5) 30. a5 $18 {White is clearly winning.} Nc8 31. Bd5 Rd8 32. Rg1 {Accuracy: White = 60%, Black = 18%.} 1-0

[Event "HUN-ch U8-U18 2019"]
[Site "Balatonlelle"]
[Date "2019.06.26"]
[Round "8.11"]
[White "Pervai, Laszlo"]
[Black "Kozsik, Bende Barnabas"]
[Result "1-0"]
[WhiteElo "2033"]
[BlackElo "2089"]
[Annotator "NA RC"]
[PlyCount "77"]
[EventDate "2019.06.21"]
[EventType "swiss"]
[EventCountry "HUN"]
[SourceTitle "playchess.com"]
[Source "ChessBase"]
[SourceQuality "1"]
[TimeControl "40/5400+30:1800+30"]

1. e4 {[%emt 0:00:03]} c5 {[%emt 0:00:29]} 2. Nc3 {[%emt 0:00:17]} d6 {[%emt 0:00:34]} 3. f4 {[%emt 0:01:38]} Nc6 {[%emt 0:00:46]} 4. Bb5 {[%emt 0:00:39]} Bd7 {[%emt 0:00:15]} 5. Nf3 {[%emt 0:03:33]} g6 {[%emt 0:00:16]} 6. O-O {[%emt 0:03:09]} Bg7 {[%emt 0:00:11]} 7. Bxc6 {[%emt 0:00:20]} Bxc6 {[%emt 0:00:13]} 8. d3 {[%emt 0:01:11]} b5 {[%emt 0:02:51]} 9. f5 {[%emt 0:03:16]} Nf6 {[%emt 0:01:18]} 10. Qe1 {[%emt 0:03:59]} b4 {[%emt 0:04:30]} 11. Nd1 {[%emt 0:01:43]} O-O {[%emt 0:08:47]} 12. Qh4 {[%emt 0:02:39]} e6 {[%emt 0:07:55]} 13. Bg5 {[%emt 0:03:43]} exf5 {[%emt 0:28:31]} 14. exf5 {[%emt 0:15:21]} d5 {[%emt 0:11:04]} 15. Ne5 {[%emt 0:08:58]} Qd6 {[%emt 0:06:12]} 16. Bf4 {[%emt 0:06:20]} Nh5 {[%emt 0:10:23]} 17. Nxg6 {[%emt 0:03:51]} Nxf4 {[%emt 0:00:52]} 18. Nxf4 {[%emt 0:00:08]} Qf6 {[%emt 0:01:40]} 19. Qg4 {[%emt 0:02:19]} Kh8 {[%emt 0:02:07]} 20. Rf3 {[%emt 0:13:10]} Qd4+ {[%emt 0:05:31]} 21. Nf2 {[%emt 0:02:55]} Rae8 {[%emt 0:00:53]} 22. Rh3 {[%emt 0:09:18]} Qxb2 {[%emt 0:00:30]} 23. Rf1 {[%emt 0:00:25]} Qf6 {[%emt 0:00:18]} 24. Qh5 {[%emt 0:00:36]} h6 {[%emt 0:01:17]} 25. Ng4 {[%emt 0:01:45]} Qd4+ {[%emt 0:00:16]} 26. Kh1 {[%emt 0:05:56]} Qxf4 {[%emt 0:00:11]} 27. Rhf3 {[%emt 0:00:08]} Qg5 {[%emt 0:02:10]} 28. Qxg5 {[%emt 0:00:06]} hxg5 {[%emt 0:00:01]} 29. f6 {[%emt 0:00:09]} d4 {[%emt 0:00:18]} 30. Rf5 {[%emt 0:02:12]} Re2 {[%emt 0:02:22]} 31. Rxg5 {[%emt 0:02:28]} Bxf6 {[%emt 0:00:49]} 32. Nxf6 {[%emt 0:00:14]} Rd8 {[%emt 0:01:07]} 33. h3 {[%emt 0:00:20]} Rxg2 {[%emt 0:01:01]} 34. Rxg2 {[%emt 0:00:07]} Bxg2+ {[%emt 0:00:04]} 35. Kxg2 {[%emt 0:00:06]} Rd6 {[%emt 0:00:06]} 36. Ne4 {[%emt 0:00:39]} Ra6 {[%emt 0:00:23]} 37. Rxf7 {[%emt 0:00:40]} Rxa2 {[%emt 0:00:05]} 38. Nf6 {[%emt 0:00:07]} Rxc2+ {[%emt 0:00:08]} 39. Kg3 {[%emt 0:00:14]} 1-0

[Event "HUN-ch U8-U18 2019"]
[Site "Balatonlelle"]
[Date "2019.06.27"]
[Round "8.12"]
[White "Lakatos, Tamas"]
[Black "Kratzmajer, Akos Gyorgy"]
[Result "0-1"]
[WhiteElo "1833"]
[BlackElo "2048"]
[Annotator "NA RC"]
[PlyCount "88"]
[EventDate "2019.06.21"]
[EventType "swiss"]
[EventCountry "HUN"]
[SourceTitle "playchess.com"]
[Source "ChessBase"]
[SourceQuality "1"]
[TimeControl "40/5400+30:1800+30"]

1. e4 {[%emt 0:00:03]} e5 {[%emt 0:00:04]} 2. Nf3 {[%emt 0:00:06]} Nc6 {[%emt 0:00:02]} 3. Bb5 {[%emt 0:00:05]} a6 {[%emt 0:00:02]} 4. Bxc6 {[%emt 0:00:05]} dxc6 {[%emt 0:00:03]} 5. Nc3 {[%emt 0:00:09]} f6 {[%emt 0:00:05]} 6. d4 {[%emt 0:00:05]} exd4 {[%emt 0:00:07]} 7. Qxd4 {[%emt 0:00:04]} Qxd4 {[%emt 0:00:04]} 8. Nxd4 {[%emt 0:00:04]} Bd7 {[%emt 0:00:06]} 9. Bd2 {[%emt 0:00:32]} O-O-O {[%emt 0:00:09]} 10. O-O-O {[%emt 0:00:17]} Ne7 {[%emt 0:00:26]} 11. Nde2 {[%emt 0:01:08]} Ng6 {[%emt 0:00:31]} 12. Bf4 {[%emt 0:05:40]} Nxf4 {[%emt 0:00:25]} 13. Nxf4 {[%emt 0:00:07]} Bd6 {[%emt 0:00:04]} 14. Nfe2 {[%emt 0:04:20]} Rhe8 {[%emt 0:03:31]} 15. h3 {[%emt 0:19:36]} b5 {[%emt 0:02:39]} 16. f3 {[%emt 0:02:25]} b4 {[%emt 0:00:31]} 17. Na4 {[%emt 0:00:10]} f5 {[%emt 0:04:07]} 18. Nb6+ {[%emt 0:13:20]} Kb7 {[%emt 0:04:17]} 19. Nc4 {[%emt 0:00:06]} fxe4 {[%emt 0:01:45]} 20. fxe4 {[%emt 0:01:18]} Rxe4 {[%emt 0:03:22]} 21. Rxd6 {[%emt 0:00:35]} Rxc4 {[%emt 0:05:14]} 22. Rd2 {[%emt 0:01:00]} Re8 {[%emt 0:02:27]} 23. Nd4 {[%emt 0:03:39]} Kb6 {[%emt 0:09:02]} 24. Rf1 {[%emt 0:06:10]} Rc5 {[%emt 0:17:02]} 25. Nb3 {[%emt 0:01:50]} Rf5 {[%emt 0:06:49]} 26. Rfd1 {[%emt 0:08:40]} Bc8 {[%emt 0:01:31]} 27. Nd4 {[%emt 0:12:11]} Rd5 {[%emt 0:04:31]} 28. Nf3 {[%emt 0:02:12]} Rxd2 {[%emt 0:01:46]} 29. Rxd2 {[%emt 0:00:05]} c5 {[%emt 0:01:30]} 30. Kd1 {[%emt 0:05:25]} Re7 {[%emt 0:02:47]} 31. Rd8 {[%emt 0:02:32]} Rd7+ {[%emt 0:00:05]} 32. Rxd7 {[%emt 0:00:04]} Bxd7 {[%emt 0:00:05]} 33. c3 {[%emt 0:02:10]} Be6 {[%emt 0:06:25]} 34. a3 {[%emt 0:00:03]} Bd5 {[%emt 0:03:27]} 35. Ne1 {[%emt 0:00:56]} Be4 {[%emt 0:00:14]} 36. axb4 {[%emt 0:03:22]} cxb4 {[%emt 0:01:08]} 37. Kd2 {[%emt 0:00:19]} bxc3+ {[%emt 0:00:30]} 38. Kxc3 {[%emt 0:00:14]} Kc5 {[%emt 0:00:25]} 39. g3 {[%emt 0:00:11]} a5 {[%emt 0:00:48]} 40. b3 {[%emt 0:00:00]} c6 {[%emt 0:00:00]} 41. g4 {[%emt 0:01:52]} g5 {[%emt 0:00:12]} 42. Kb2 {[%emt 0:00:09]} Kd4 {[%emt 0:00:26]} 43. Ka3 {[%emt 0:00:16]} Kc3 {[%emt 0:00:14]} 44. Ka4 {[%emt 0:00:04]} Kd2 {[%emt 0:00:04]} 0-1

[Event "HUN-ch U8-U18 2019"]
[Site "Balatonlelle"]
[Date "2019.06.26"]
[Round "8.12"]
[White "Kun, Balint"]
[Black "Juhasz, Agoston"]
[Result "0-1"]
[WhiteElo "1813"]
[BlackElo "2161"]
[Annotator "TA"]
[PlyCount "68"]
[EventDate "2019.06.21"]
[EventType "swiss"]
[EventCountry "HUN"]
[SourceTitle "playchess.com"]
[Source "ChessBase"]
[SourceQuality "1"]

{[%evp 14,68,0,0,0,0,-8,-10,4,-18,38,52,49,-38,-28,-27,-27,-54,-56,-50,-57,-57,-62,-81,-74,-91,-68,-85,-86,-100,-96,-110,-119,-117,-101,-111,-114,-125,-108,-122,-126,-148,-108,-214,-212,-201,-177,-178,-183,-217,-214,-328,-329,-304,-260,-981,-929]} 1. e4 c6 2. Nc3 d5 3. Nf3 Bg4 4. h3 Bxf3 5. Qxf3 e6 6. d4 Nf6 7. Bd3 dxe4 8. Nxe4 Qxd4 {B11: Caro-Kann: Two Knights Variation} 9. c3 (9. O-O Be7 10. Bf4 Nbd7 11. c3 Qd5 12. Rfd1 Ne5 13. Qe3 Nxd3 14. Nxf6+ Bxf6 15. Rxd3 Qf5 16. Bd6 Bg5 17. Qd4 Bf6 18. Qe3 h5 19. Rad1 Bg5 20. Qd4 Bf6 21. Qe3 Bg5 22. Qd4 Bf6 {½-½ (22) Grandelius,N (2694)-Piorun,K (2631) Skopje 2019}) 9... Qd8 10. O-O Nbd7 {aiming for ...Ne5.The position is equal.} 11. Bf4 Nd5 $146 (11... Nc5 $11 12. Rfd1 Ncxe4 13. Bxe4 Qb6) ({Predecessor:} 11... e5 12. Rfe1 Nxe4 13. Bxe4 Bd6 14. Bf5 O-O 15. Rad1 Qf6 16. Bxh7+ Kxh7 {½-½ (48) Gholami,A (2426)-Mousavi,S (2412) Teheran 2017}) 12. Bg3 Be7 13. Nd6+ ({Better is} 13. c4 $14 N5b6 14. Rad1) 13... Bxd6 $1 $15 14. Bxd6 Qf6 $1 15. Qxf6 N7xf6 16. Be5 O-O-O 17. Rad1 Rd7 18. Bc4 Rhd8 19. Bb3 Ne8 20. Rfe1 b6 {[%cal Bb7b6,Bb6b5][%mdl 32]} 21. Rd4 f6 22. Bg3 e5 23. Rdd1 Nec7 24. Bc2 {[#]} g6 $1 25. a3 b5 26. Kf1 Kb7 27. h4 Na8 28. Ke2 (28. a4 $17) 28... Nab6 $19 29. Bb3 a5 {[%cal Ba7a5,Ba5a4][%mdl 32]} 30. Bh2 c5 31. g3 Kc6 32. Bg1 (32. g4 $142) 32... a4 33. Ba2 e4 34. f3 $2 {[#]} (34. Rc1) 34... Nxc3+ $1 {[%mdl 576] Discovered Attack. Accuracy: White = 23%, Black = 67%.} 0-1

[Event "HUN-ch U8-U18 2019"]
[Site "Balatonlelle"]
[Date "2019.06.27"]
[Round "8.13"]
[White "Kokeny, Norbert Adrian"]
[Black "Acs, Marton"]
[Result "1-0"]
[WhiteElo "2268"]
[BlackElo "2138"]
[Annotator "TA"]
[PlyCount "70"]
[EventDate "2019.06.21"]
[EventType "swiss"]
[EventCountry "HUN"]
[SourceTitle "playchess.com"]
[Source "ChessBase"]
[SourceQuality "1"]

{[%evp 9,70,4,18,8,8,-7,9,10,16,13,13,5,37,25,44,27,47,29,44,44,48,12,17,17,25,16,17,17,35,31,43,50,49,34,43,38,130,132,220,206,232,227,217,146,228,210,776,169,181,152,349,338,345,346,347,329,329,318,347,345,344,307,320]} 1. Nf3 Nf6 2. g3 b5 3. Bg2 Bb7 4. O-O e6 5. b3 c5 6. Bb2 {A05: Réti Opening: 1 Nf3 Nf6} (6. c4 a6 7. Na3 Qb6 8. Bb2 Be7 9. e3 d5 10. cxd5 Bxd5 11. d3 Nbd7 12. Qe2 O-O 13. Rfd1 Rfc8 14. Rac1 Bb7 {0-1 (62) Cheparinov,I (2710)-Fedoseev,V (2718) Riadh 2017}) 6... Be7 7. c4 b4 8. d4 {The position is equal.} cxd4 9. Nxd4 Bxg2 10. Kxg2 d5 11. Nd2 O-O 12. Rc1 $146 ({Predecessor:} 12. e3 Qd7 13. Rc1 Na6 14. cxd5 Qxd5+ {1-0 (48) Nemeth,Z (2319)-Sendur,A (2303) Budapest 2001}) 12... Qd7 13. Qc2 Nc6 14. Nxc6 Qxc6 15. Bxf6 Bxf6 16. cxd5 Qxd5+ 17. e4 Qd7 18. Nc4 Bc3 19. Rfd1 Qb7 20. Rd6 $36 {[%mdl 2048] White has good play.} Rad8 21. Rcd1 Rxd6 22. Rxd6 f5 (22... Qc8 $14) 23. Rxe6 $16 f4 (23... fxe4 $16 {was worth a try.} 24. Rxe4 (24. Qxe4 Qxe4+ 25. Rxe4 Rf6 $16) 24... Qd5) 24. gxf4 $18 Rxf4 {[#] ...Qd7 is the strong threat.} 25. Re8+ Rf8 26. Rxf8+ Kxf8 27. Qd3 {And now Qd8+ would win.} g6 $2 (27... Qc6 28. f4 Qf6) 28. Qd5 $2 (28. Qd8+ Kg7 29. Nd6) 28... Qe7 29. Qd6 Kf7 $2 {[#]} (29... Qxd6 $16 {might work better.} 30. Nxd6 Ke7) 30. Qxe7+ $1 {White has a decisive advantage.} Kxe7 {KB-KN} 31. f4 Ke6 32. Kf3 Bd4 33. Kg4 Kf6 34. e5+ Ke6 35. Kf3 Kd5 {Accuracy: White = 73%, Black = 30%.} 1-0